[Event "Niedersachsen-ch op"]
[Site "Verden"]
[Date "2011.01.05"]
[Round "7"]
[White "Munk, Leonhard"]
[Black "Pallapies, Kilian"]
[Result "1-0"]
[WhiteElo "1991"]
[BlackElo "1492"]
[PlyCount "99"]
[EventDate "2011.01.02"]
[EventType "swiss"]
[EventRounds "7"]
[EventCountry "GER"]
[SourceTitle "EXT 2018"]
[Source "ChessBase"]
[SourceDate "2017.10.13"]
[SourceVersion "1"]
[SourceVersionDate "2017.10.13"]
[SourceQuality "1"]

1. d4 d5 2. c4 Nc6 3. Nc3 Nf6 4. cxd5 Nxd5 5. e4 Nxc3 6. bxc3 e5 7. Bb5 exd4 8. Bxc6+ bxc6 9. Qxd4 Qxd4 10. cxd4 c5 11. d5 Bb7 12. Rb1 0-0-0 13. Ne2 c6 14. dxc6 Bxc6 15. f3 Rd7 16. Be3 Rc7 17. Kf2 Bd7 18. Rb2 Be6 19. Rhb1 Kd7 20. Bf4 Rc8 21. Rb7+ Kd8 22. Rb8 c4 23. Nc3 Rxb8 24. Rxb8+ Kd7 25. Ke2 g5 26. Be3 Bg7 27. Rxh8 Bxh8 28. Kd2 Bxc3+ 29. Kxc3 a6 30. Bxg5 Kd6 31. Bf6 Kc5 32. h4 Bd7 33. Bd4+ Kd6 34. a3 Ke6 35. g4 Bc6 36. g5 Kd6 37. Kxc4 Bb5+ 38. Kc3 Be2 39. f4 Bf3 40. Kd3 Bg4 41. f5 Bh5 42. Ke3 Bg4 43. Kf4 Bd1 44. e5+ Kd7 45. e6+ fxe6 46. g6 hxg6 47. fxg6 Ke7 48. Kg5 Kf8 49. h5 Kg8 50. h6 1-0

[Event "Niedersachsen-ch op"]
[Site "Verden"]
[Date "2011.01.02"]
[Round "2"]
[White "Pallapies, Kilian"]
[Black "Moeller, Hannah Sophie"]
[Result "1-0"]
[WhiteElo "1492"]
[BlackElo "954"]
[PlyCount "91"]
[EventDate "2011.01.02"]
[EventType "swiss"]
[EventRounds "7"]
[EventCountry "GER"]
[SourceTitle "EXT 2018"]
[Source "ChessBase"]
[SourceDate "2017.10.13"]
[SourceVersion "1"]
[SourceVersionDate "2017.10.13"]
[SourceQuality "1"]

1. Nc3 e5 2. Nf3 Nc6 3. d4 d6 4. dxe5 dxe5 5. Qxd8+ Nxd8 6. Nxe5 Bd6 7. Nf3 Bf5 8. e4 Be6 9. Nb5 Nf6 10. e5 c6 11. Nxd6+ Ke7 12. exf6+ Kxd6 13. fxg7 Rg8 14. Bh6 Re8 15. 0-0-0+ Ke7 16. Bd3 f5 17. Rhe1 Kf6 18. Rxe6+ Nxe6 19. Nh4 Nd4 20. c3 Ne2+ 21. Bxe2 Rxe2 22. Rd2 Re1+ 23. Kc2 Re4 24. g3 Rae8 25. Rd6+ R4e6 26. Rd7 Re2+ 27. Kb3 Rxf2 28. Rxb7 Rxh2 29. Rxa7 Rh3 30. Nxf5 Rb8+ 31. Ka3 Kg6 32. Ne7+ Kxh6 33. g8Q Rxg8 34. Nxg8+ Kg5 35. Rg7+ Kf5 36. Kb3 Ke6 37. a4 Kd6 38. Kb4 Rh1 39. a5 Ra1 40. Rxh7 c5+ 41. Kb5 Kd5 42. a6 c4 43. a7 Rb1 44. a8Q+ Ke5 45. Qe8+ Kd5 46. Rd7# 1-0